Forest cover assessment by using RS and GIS technique in prasat sambour district kampong thom province, ការវាយតំលៃគម្របព្រៃឈើតាមរយៈរូបភាពផ្កាយរណបដោយប្រើប្រាស់បច្ចេកវិទ្យាRS និងGISលើស្រុកប្រាទសំបូរ ខេត្តកំពង់ធំ (Record no. 3404)

000 -LEADER
fixed length control field 00760nam a22001337a 4500
040 ## - CATALOGING SOURCE
Transcribing agency RUA
082 ## - DEWEY DECIMAL CLASSIFICATION NUMBER
Classification number FOR KOH 2010 B139 Or.1
100 ## - MAIN ENTRY--AUTHOR NAME
Personal name KOH, SOTHEAVY.
245 ## - TITLE STATEMENT
Title Forest cover assessment by using RS and GIS technique in prasat sambour district kampong thom province, ការវាយតំលៃគម្របព្រៃឈើតាមរយៈរូបភាពផ្កាយរណបដោយប្រើប្រាស់បច្ចេកវិទ្យាRS និងGISលើស្រុកប្រាទសំបូរ ខេត្តកំពង់ធំ
260 ## - PUBLICATION, DISTRIBUTION, ETC. (IMPRINT)
Place of publication Phnom Penh
Name of publisher RUA
Year of publication 2010
300 ## - PHYSICAL DESCRIPTION
Number of Pages ix; 46p.
Other physical details ill.
Dimensions 29cm.
856 ## - ELECTRONIC LOCATION AND ACCESS
Uniform Resource Identifier https://drive.google.com/file/d/1t6XJcRBeRd5MqzrDnjqLpxtwNl9T87UJ/view?usp=sharing
942 ## - ADDED ENTRY ELEMENTS (KOHA)
Koha item type FOR
952 ## - LOCATION AND ITEM INFORMATION (KOHA)
Withdrawn status [LOCAL, KOHA] 0
952 ## - LOCATION AND ITEM INFORMATION (KOHA)
Withdrawn status [LOCAL, KOHA] 0
952 ## - LOCATION AND ITEM INFORMATION (KOHA)
Withdrawn status [LOCAL, KOHA] 0
952 ## - LOCATION AND ITEM INFORMATION (KOHA)
Withdrawn status [LOCAL, KOHA] 0
952 ## - LOCATION AND ITEM INFORMATION (KOHA)
Withdrawn status [LOCAL, KOHA] 0
952 ## - LOCATION AND ITEM INFORMATION (KOHA)
Withdrawn status [LOCAL, KOHA] 0
952 ## - LOCATION AND ITEM INFORMATION (KOHA)
Withdrawn status [LOCAL, KOHA] 0
Holdings
Permanent Location Date acquired Koha item type Lost status Shelving location Barcode Current Location Full call number
Library Block B2015-11-13FOR B139RUA026329Library Block BFOR KOH 2010 B139 Or.1
Library Block B2015-11-13FOR B139RUA026257Library Block BFOR KOH 2010 B139 Or.1
Library Block B2015-11-13FOR B139RUA028752Library Block BFOR KOH 2010 B139 Or.3
Library Block B2015-11-13FOR B139RUA028421Library Block BFOR KOH 2010 B139 Or.4
Library Block B2015-11-13FOR B139RUA028349Library Block BFOR KOH 2010 B139 Or.5
Library Block B2015-11-13FOR B139RUA028936Library Block BFOR KOH 2010 B139 Or.6
Library Block B2015-11-13FOR B139RUA028824Library Block BFOR KOH 2010 B139 Or.7
មជ្ឈមណ្ឌលឯការនៃសាកលវិទ្យាល័យភូមិន្ទកសិកម្មចំការដូង

Powered by Koha